000 01282nam a22003617a 4500
003 CHAP
005 20220329134704.0
008 971013s1979 r 00010 d
010 _a24228
011 _a25200
035 _a29300
040 _cCHAP
082 _a631.45
_bH35
100 0 0 _aHaith, Douglas A.
_eed.
_952261
245 _aEffectiveness of soil and water conservation practices for pollution control
260 _aAthens, Ga. :
_bEnvironmental Protection Agency,
_c1979
300 _a474 p.
590 _aBATCH-UPD
_b10
_c20130110
_lUCH01
_h1319
590 _aBATCH-UPD
_b10
_c20130410
_lUCH01
_h0829
590 _aBATCH-UPD
_b10
_c20130914
_lUCH01
_h0311
590 _aCONVERSION
_b10
_c20130109
_lUCH01
_h1314
650 1 4 _aAgricultura
_xModelos matematicos.
_91744
650 1 4 _aAgua
_xConservacion.
_92319
650 1 4 _aAgua
_xContaminación.
_92351
650 1 4 _aSuelos
_xConservación.
_9110283
650 1 4 _aSuelos
_xContaminación.
_9110327
700 0 _aLoehr, Raymond C.
_eed.
_967432
901 _aBK
942 _cLIBRO
949 _a631.45 H35
_bBC
_cLIBRO
_d33724000073219
_eLIBRO
_fc.3
_h57400
_i29300
_si
949 _a631.45 H35
_bBC
_cLIBRO
_d33724000073227
_eLIBRO
_fc.2
_h54292
_i29300
_si
949 _a631.45 H35
_bBC
_cLIBRO
_d33724000073235
_eLIBRO
_h54291
_i29300
_si
999 _c24228
_d24228